000 00887nam a2200289 i 4500
001 000022375
003 DO-SdBNP
005 20251016080849.0
007 ta
008 100329s1985 dr r 000 j spa d
040 _aDO-SdBNP
_bspa
_cBNPHU
_erda
041 _aspa
082 4 _aRD863.44
_bB171ca, 1985
_222
100 1 _a Balaguer, Joaquín,
_d1906-2002
_eautor
_4aut.
_976556
245 1 4 _aLos carpinteros /
_cJoaquín Balaguer.
250 _aSegunda edición
264 1 _aSanto Domingo :
_bEditora Corripio,
_c1985.
300 _a431 páginas ;
_c24 cm.
336 _atexto
_btxt
_2rdacontent
337 _asin mediación
_bn
_2rdamedia
338 _avolumen
_bnc
_2rdacarrier
590 _aInventariado, 2019/MFF
650 4 _aNovela histórica dominicana.
_9860
650 4 _aLiteratura dominicana.
_967
910 _aValidado. Control de calidad MMOLINA
942 _2ddc
_cLBS1
999 _c21873
_d21873